Top 30 2Pac Songs - Statistics

General Stats
  • This quiz has been taken 21 times
  • The average score is 10 of 30
Answer Stats
# Song Rating % Correct
4. California Love 97
81%
13. All Eyez On Me 94
71%
3. Dear Mama 97
71%
2. Hit 'Em Up 98
67%
1 Changes 98
62%
8. Keep Ya Head Up 95
62%
17. 2 Of Amerikaz Most Wanted 93
57%
7. Ambitionz Az a Ridah 95
52%
14. Can't C Me 93
52%
5. Do For Love 96
52%
11. Hail Mary 94
52%
21. I Get Around 92
52%
16. So Many Tears 93
48%
12. Brenda's Got a Baby 94
33%
10. Me Against the World 95
33%
29. Only God Can Judge Me 90
33%
25. All About U 91
29%
18. To Live & Die in L.A. 92
29%
19. Life Goes On 92
24%
22. How Do U Want It 91
19%
6. Troublesome '96 96
14%
15. God Bless the Dead 93
10%
20. If I Die 2Nite 92
10%
24. Baby Don't Cry (Keep Ya Head Up II) 91
5%
30. It Ain't Easy 90
5%
26. I Wonder If Heaven Got A Ghetto 90
5%
28. Lord Knows 90
5%
23. Me and My Girlfriend 91
5%
9. Unconditional Love 95
5%
27. Against All Odds 90
0%
No matching quizzes found
Score Distribution
Percent of People with Each Score
Percentile by Number Answered
Your Score History
You have not taken this quiz